000 00631nam a2200193Ia 4500
005 20250508161901.0
008 008 250505s9999 xx 000 0 eng d
037 _aReference
040 _aFEDL
_beng
_cFEDL
041 _aeng
_2eng
084 _a016.3, IND
_qFEDL
245 0 _aUnion catalogue of social science periodicals: Delhi
245 0 _cIndian Council of Social Science Research (New Delhi India)
260 _aNew Delhi, India
_bIndian Council of Social Science Research
_c1973
300 _axxix,518p
490 _aUnion catalogue series (P)
942 _cREF
_h016.3, IND
999 _c1372925
_d1372925